[Event "31st 4NCL Congress"]
[Site "Harrogate, North Yorkshire, ENG"]
[Date "2024.01.19"]
[Round "1.22"]
[White "Maher, Mike P"]
[Black "Jones, Mark"]
[Result "1-0"]
[WhiteElo "1606"]
[BlackElo "1381"]
[PlyCount "100"]
[EventDate "2024.01.19"]

1. d4 e6 2. c4 b6 3. Nc3 Bb7 4. a3 Nf6 5. Bg5 Be7 6. Qc2 a6 7. e4 d6 8. Bd3
Nfd7 9. Be3 h6 10. f4 Bf6 11. Nf3 c5 12. O-O Nc6 13. Qf2 Qc7 14. d5 Ne7 15.
Rad1 O-O 16. g4 Ng6 17. g5 hxg5 18. Nxg5 e5 19. f5 Bxg5 20. Bxg5 Nf4 21. Bxf4
exf4 22. Qxf4 Nf6 23. Qg5 Rae8 24. Rd2 Nh7 25. Qg3 f6 26. Ne2 Qf7 27. Nf4 Bc8
28. Ne6 Bxe6 29. dxe6 Qc7 30. h4 Re7 31. Be2 g5 32. fxg6 Rg7 33. h5 Ng5 34.
Qxd6 Nxe4 35. Qxc7 Nxd2 36. Qf7+ Rgxf7 37. exf7+ Kg7 38. Rd1 Ne4 39. Rd7 Ng5
40. Kf2 Ne6 41. Re7 Ng5 42. Re8 Nxf7 43. Rxf8 Kxf8 44. gxf7 Kxf7 45. Ke3 Ke6
46. Kf4 b5 47. b3 b4 48. a4 a5 49. Bg4+ Kf7 50. Kf5 Kg7 1-0

[Event "31st 4NCL Congress"]
[Site "Harrogate, North Yorkshire, ENG"]
[Date "2024.01.19"]
[Round "1.23"]
[White "Collins, Steve"]
[Black "Edgar, Barry"]
[Result "1/2-1/2"]
[WhiteElo "1369"]
[BlackElo "1605"]
[PlyCount "43"]
[EventDate "2024.01.19"]

1. d4 Nf6 2. Bg5 d5 3. Bxf6 gxf6 4. e3 Bf5 5. Nf3 c6 6. Bd3 Bg6 7. Nbd2 Nd7 8.
Bxg6 hxg6 9. Qe2 f5 10. O-O-O Bg7 11. h4 Qb6 12. Ng5 c5 13. c3 f6 14. f4 fxg5
15. hxg5 O-O-O 16. Nf3 Qe6 17. Rhe1 Kb8 18. Qb5 Qc6 19. Qb3 e6 20. Kb1 Qb6 21.
Qc2 a6 22. g3 1/2-1/2

[Event "31st 4NCL Congress"]
[Site "Harrogate, North Yorkshire, ENG"]
[Date "2024.01.19"]
[Round "1.24"]
[White "Weller, Colin"]
[Black "Waite, Nicholas"]
[Result "1/2-1/2"]
[WhiteElo "1599"]
[BlackElo "1361"]
[PlyCount "32"]
[EventDate "2024.01.19"]

1. e4 d6 2. Nf3 Nf6 3. d3 g6 4. Be2 Bg7 5. Nbd2 O-O 6. O-O e5 7. h3 Ne8 8. Nh2
f5 9. exf5 Bxf5 10. Bg4 Nd7 11. Ne4 Bxg4 12. Nxg4 Nef6 13. Nexf6+ Nxf6 14. Bg5
Qd7 15. Nxf6+ Bxf6 16. Bxf6 Rxf6 1/2-1/2

[Event "31st 4NCL Congress"]
[Site "Harrogate, North Yorkshire, ENG"]
[Date "2024.01.19"]
[Round "1.25"]
[White "Butler, Rene"]
[Black "Smith, Adam"]
[Result "0-1"]
[WhiteElo "1356"]
[BlackElo "1594"]
[PlyCount "66"]
[EventDate "2024.01.19"]

1. b4 c6 2. Bb2 d5 3. Nf3 Bg4 4. e3 e6 5. Be2 Nf6 6. a3 Nbd7 7. O-O c5 8. c3
Qb6 9. d3 Rd8 10. Nbd2 e5 11. Nh4 Be6 12. Nhf3 Be7 13. Rb1 O-O 14. bxc5 Bxc5
15. d4 Bd6 16. dxe5 Nxe5 17. Nxe5 Bxe5 18. Nf3 Bc7 19. Qd4 Bf5 20. Qxb6 Bxb6
21. Rbd1 Rfe8 22. Nd4 Be4 23. Bf3 Rc8 24. Bxe4 Nxe4 25. Rd3 Bxd4 26. cxd4 Rc2
27. Ba1 Rec8 28. f3 Nd2 29. Re1 Nc4 30. Rb3 b6 31. h3 h6 32. Kh2 Nd2 33. Rb2
Nxf3+ 0-1

[Event "31st 4NCL Congress"]
[Site "Harrogate, North Yorkshire, ENG"]
[Date "2024.01.19"]
[Round "1.26"]
[White "Halpin, David"]
[Black "De Block, Gert"]
[Result "0-1"]
[WhiteElo "1179"]
[BlackElo "1590"]
[PlyCount "72"]
[EventDate "2024.01.19"]

1. c4 Nf6 2. Nc3 e5 3. e3 d5 4. d4 Nc6 5. a3 Be6 6. c5 Be7 7. g3 O-O 8. Bg2 Qd7
9. h3 h6 10. Nge2 a5 11. Qd2 b6 12. cxb6 cxb6 13. dxe5 Nxe5 14. Qd4 Nc4 15. b3
Bc5 16. Qd1 Ne5 17. f4 Ng6 18. Na4 Rfe8 19. Nd4 Bf5 20. Nxf5 Qxf5 21. g4 Qd7
22. Nxc5 bxc5 23. Qc2 Nh4 24. O-O Nxg2 25. Qxg2 Qb5 26. Rb1 Rad8 27. g5 hxg5
28. fxg5 Ne4 29. g6 Rd7 30. Rf5 Re6 31. gxf7+ Rxf7 32. Rxd5 Rff6 33. Rd8+ Kh7
34. Bd2 Rg6 35. Rf1 Rxg2+ 36. Kxg2 Rg6+ 0-1

[Event "31st 4NCL Congress"]
[Site "Harrogate, North Yorkshire, ENG"]
[Date "2024.01.19"]
[Round "1.27"]
[White "Blower, Trevor R"]
[Black "Simmons, Michael W"]
[Result "1-0"]
[WhiteElo "1589"]
[BlackElo "1167"]
[PlyCount "125"]
[EventDate "2024.01.19"]

1. f4 Nf6 2. Nf3 d6 3. g3 g6 4. Bg2 Bg7 5. O-O O-O 6. c3 c5 7. Qc2 Nbd7 8. d3
Nb6 9. Be3 Nbd5 10. Bf2 Ng4 11. Qb3 e6 12. e4 Nb6 13. Nbd2 Bd7 14. h3 Nxf2 15.
Rxf2 Ba4 16. Qa3 Qd7 17. Raf1 Bb5 18. c4 Bc6 19. e5 dxe5 20. fxe5 Bxf3 21. Nxf3
Qc7 22. Qc3 Nd7 23. Re2 Rad8 24. Rfe1 b6 25. Qd2 f5 26. exf6 Rxf6 27. Ng5 Qxg3
28. Ne4 Qe5 29. Nxf6+ Qxf6 30. Rxe6 Qd4+ 31. R1e3 Bh6 32. Bd5 Bxe3+ 33. Rxe3+
Kh8 34. Kh1 Qf6 35. Rf3 Qd4 36. Qg5 Rf8 37. Rxf8+ Nxf8 38. Qd2 Qf6 39. Qc3 Qxc3
40. bxc3 Kg7 41. Kg2 Kf6 42. d4 cxd4 43. cxd4 Ne6 44. Bxe6 Kxe6 45. Kf3 g5 46.
Kg4 h6 47. h4 gxh4 48. Kxh4 Kd6 49. a4 a5 50. Kh5 Kc6 51. Kxh6 Kd6 52. Kg6 Kc6
53. Kf6 Kd6 54. Kf5 Kc6 55. Ke6 Kb7 56. Kd7 b5 57. cxb5 Kb6 58. Kc8 Ka7 59. d5
Kb6 60. d6 Ka7 61. d7 Kb6 62. d8=Q+ Ka7 63. Qxa5# 1-0

[Event "31st 4NCL Congress"]
[Site "Harrogate, North Yorkshire, ENG"]
[Date "2024.01.19"]
[Round "1.28"]
[White "Hutchinson, Stephen A"]
[Black "Cox, Kevin"]
[Result "0-1"]
[WhiteElo "1151"]
[BlackElo "1589"]
[PlyCount "78"]
[EventDate "2024.01.19"]

1. d4 c5 2. dxc5 Qa5+ 3. Nd2 Qxc5 4. e3 Nf6 5. Ngf3 Nc6 6. Bd3 g6 7. O-O Bg7 8.
Nb3 Qh5 9. h3 O-O 10. Bd2 d6 11. Re1 a6 12. Nfd4 Qxd1 13. Raxd1 Nxd4 14. exd4
e6 15. Bg5 b5 16. Na5 Re8 17. Nc6 Bb7 18. Na5 Bd5 19. a3 Ra7 20. f3 Nd7 21. Kh1
Bxd4 22. Be4 Bxe4 23. fxe4 Bxb2 24. Nc6 Rc7 25. Ne7+ Kg7 26. Rf1 f6 27. Bh4
Rxe7 28. Rd2 Rf7 29. Rxd6 Nc5 30. Bg3 Nxe4 31. Rxe6 Nxg3+ 32. Kg1 Nxf1 33. Kxf1
Bxa3 34. Rxa6 b4 35. Ke1 Rxc2 36. Kd1 Rxg2 37. Ra4 Rh2 38. Ke1 Rc7 39. Kf1 Rc1#
0-1

[Event "31st 4NCL Congress"]
[Site "Harrogate, North Yorkshire, ENG"]
[Date "2024.01.19"]
[Round "1.29"]
[White "Bourke, Konstantinos"]
[Black "Merrifield, Peter"]
[Result "1-0"]
[WhiteElo "1572"]
[BlackElo "1121"]
[PlyCount "93"]
[EventDate "2024.01.19"]

1. e4 c5 2. Nf3 Nc6 3. d4 cxd4 4. Nxd4 e5 5. Nxc6 bxc6 6. Bc4 Nf6 7. f3 Bc5 8.
Nc3 Be7 9. Be3 O-O 10. O-O d6 11. Qd2 Bb7 12. Rad1 Re8 13. Kh1 a6 14. Bg5 Bf8
15. Bxf6 Qxf6 16. f4 d5 17. exd5 Rad8 18. fxe5 Qxe5 19. Qf4 Qxf4 20. Rxf4 Bd6
21. Rf3 Rf8 22. dxc6 Bxc6 23. Rfd3 Bc7 24. Rxd8 Rxd8 25. Rxd8+ Bxd8 26. Bxa6
Bg5 27. a4 Bc1 28. b4 Bb2 29. b5 Bd7 30. Nd5 Ba3 31. c4 Bd6 32. a5 f6 33. Kg1
Kf7 34. h3 Bc5+ 35. Kf1 Bf5 36. b6 Bd6 37. b7 Ke6 38. c5 Bb8 39. Bc4 Bd3+ 40.
Bxd3 Kxd5 41. Bxh7 Kxc5 42. Bd3 Kc6 43. a6 Kc7 44. Kf2 Ba7+ 45. Kf3 Bb8 46. Kf4
Kb6+ 47. Kf5 1-0

[Event "31st 4NCL Congress"]
[Site "Harrogate, North Yorkshire, ENG"]
[Date "2024.01.19"]
[Round "1.30"]
[White "Saxena, Samidh"]
[Black "Jackson, Paul Robert"]
[Result "0-1"]
[WhiteElo "1096"]
[BlackElo "1567"]
[PlyCount "86"]
[EventDate "2024.01.19"]

1. e4 c6 2. d4 d5 3. e5 Bf5 4. Nf3 e6 5. Be2 Nd7 6. O-O Ne7 7. Nc3 a6 8. h3 c5
9. Bf4 Nc6 10. Re1 cxd4 11. Nxd4 Nxd4 12. Qxd4 Bxc2 13. Rac1 Bg6 14. Qa4 Be7
15. Be3 O-O 16. Qd4 Bc5 17. Qf4 Bxe3 18. Qxe3 Rc8 19. Bf3 Qb6 20. Qxb6 Nxb6 21.
Ne2 Nc4 22. b3 Nxe5 23. Rxc8 Nxf3+ 24. gxf3 Rxc8 25. a4 Kf8 26. Nf4 Rc3 27.
Nxg6+ hxg6 28. Re3 Rxe3 29. fxe3 Ke7 30. Kf2 Kd6 31. Ke2 Kc5 32. Kd3 e5 33. Kc3
a5 34. f4 exf4 35. exf4 d4+ 36. Kd3 Kb4 37. Kxd4 Kxb3 38. Kc5 Kxa4 39. Kc4 b5+
40. Kc3 Ka3 41. h4 b4+ 42. Kc2 Ka2 43. Kc1 b3 0-1

[Event "31st 4NCL Congress"]
[Site "Harrogate, North Yorkshire, ENG"]
[Date "2024.01.20"]
[Round "2.1"]
[White "Neil, Graham"]
[Black "Fisher, Neal"]
[Result "1-0"]
[WhiteElo "1619"]
[BlackElo "1697"]
[PlyCount "135"]
[EventDate "2024.01.19"]

1. d4 d5 2. Nf3 Nf6 3. e3 c6 4. Bd3 Bg4 5. h3 Bh5 6. Nbd2 e6 7. c3 Nbd7 8. Qc2
Be7 9. b3 Qc7 10. Bb2 a6 11. g4 Bg6 12. Bxg6 hxg6 13. g5 Nh7 14. Rg1 Nhf8 15.
h4 e5 16. dxe5 Nxe5 17. c4 Nxf3+ 18. Nxf3 dxc4 19. Qxc4 Ne6 20. O-O-O b5 21.
Qc2 c5 22. Ne5 Nf8 23. Qe4 Rc8 24. Rd2 c4 25. bxc4 bxc4 26. Rc2 Qd6 27. Rd1 Qe6
28. Qf4 c3 29. Qa4+ Nd7 30. Bxc3 Rxc3 31. Rxc3 O-O 32. Nxd7 Ra8 33. Rc6 Qf5 34.
Rd2 a5 35. Rb6 Rc8+ 36. Rc6 Rxc6+ 37. Qxc6 Ba3+ 38. Kd1 Qb1+ 39. Ke2 Bb4 40.
Qc8+ Kh7 41. Nf8+ Bxf8 42. Qxf8 Qb5+ 43. Ke1 Qb1+ 44. Rd1 Qxa2 45. Qc5 Qa4 46.
Qd4 Qc6 47. Ke2 a4 48. Qb4 Qa6+ 49. Rd3 Qc6 50. Rc3 Qd7 51. Rc4 a3 52. Qxa3 Qb5
53. Qd3 Qb2+ 54. Rc2 Qb4 55. e4 Qb1 56. e5 Qh1 57. Rc4 Qh2 58. Re4 Qh1 59. Rf4
Qb7 60. h5 Qb2+ 61. Kf3 Qxe5 62. hxg6+ fxg6 63. Rh4+ Kg8 64. Qd8+ Kf7 65. Rf4+
Ke6 66. Re4 Qxe4+ 67. Kxe4 Kf7 68. Qd5+ 1-0

[Event "31st 4NCL Congress"]
[Site "Harrogate, North Yorkshire, ENG"]
[Date "2024.01.20"]
[Round "2.2"]
[White "Quaite, Toby"]
[Black "Mitchell, Ian"]
[Result "1-0"]
[WhiteElo "1686"]
[BlackElo "1614"]
[PlyCount "51"]
[EventDate "2024.01.19"]

1. d4 f5 2. e4 Nf6 3. exf5 d5 4. Bd3 Nc6 5. c3 h6 6. Bf4 Bd7 7. Nd2 Qc8 8. Qc2
e6 9. fxe6 Bxe6 10. Ngf3 Ne7 11. O-O Bf5 12. Rfe1 Bxd3 13. Qxd3 Kd8 14. Ne5 Ke8
15. Ng6 Rg8 16. Re2 Kf7 17. Ne5+ Ke8 18. Rae1 g5 19. Bg3 Nh5 20. Qf3 Nxg3 21.
Qf7+ Kd8 22. hxg3 Qf5 23. Nc6+ bxc6 24. Qxf5 Nxf5 25. Re8+ Kd7 26. Rxa8 1-0

[Event "31st 4NCL Congress"]
[Site "Harrogate, North Yorkshire, ENG"]
[Date "2024.01.20"]
[Round "2.3"]
[White "Pearce, Neville R"]
[Black "Maher, Mike P"]
[Result "1/2-1/2"]
[WhiteElo "1681"]
[BlackElo "1606"]
[PlyCount "59"]
[EventDate "2024.01.19"]

1. e4 c6 2. d4 d5 3. Nc3 dxe4 4. Nxe4 Nf6 5. Nxf6+ exf6 6. Nf3 Bg4 7. Be2 Bd6
8. O-O O-O 9. h3 Bh5 10. Re1 Re8 11. b3 Nd7 12. Bb2 a5 13. Nd2 Bxe2 14. Rxe2 f5
15. Nc4 Rxe2 16. Qxe2 Nf6 17. Re1 h6 18. Nxd6 Qxd6 19. Qe5 Qxe5 20. dxe5 Nd5
21. a3 a4 22. b4 Re8 23. Kf1 Kf8 24. h4 h5 25. g3 Ke7 26. f4 Rd8 27. Bd4 Ke6
28. Bb2 b5 29. Ke2 Nb6 30. Bc1 1/2-1/2

[Event "31st 4NCL Congress"]
[Site "Harrogate, North Yorkshire, ENG"]
[Date "2024.01.20"]
[Round "2.4"]
[White "Boustred, Noel J"]
[Black "White, Nicholas E"]
[Result "1-0"]
[WhiteElo "1675"]
[BlackElo "1591"]
[PlyCount "74"]
[EventDate "2024.01.19"]

1. c3 c6 2. f4 d5 3. g3 Nf6 4. Bg2 Bf5 5. Nf3 e6 6. a4 a5 7. Na3 Be7 8. O-O
Nbd7 9. h3 Qc7 10. d3 h5 11. Nc2 c5 12. Ng5 Nh7 13. e4 dxe4 14. dxe4 Bg6 15.
Nxh7 Bxh7 16. Na3 O-O-O 17. Nb5 Qb6 18. Be3 Nf6 19. Qc2 Nd5 20. Bf2 Nc7 21. Qe2
Rd7 22. Qxh5 g6 23. Qe2 Rhd8 24. b4 Rd2 25. Qe3 R8d3 26. bxc5 Rxf2 27. Qxd3
Bxc5 28. Rxf2 Bxf2+ 29. Kh2 Bc5 30. Rd1 Nxb5 31. Qd7+ Kb8 32. axb5 Qc7 33. e5
a4 34. Qe8+ Ka7 35. Rd7 Kb6 36. Rxc7 Kxc7 37. Qxf7+ Kb6 1-0

[Event "31st 4NCL Congress"]
[Site "Harrogate, North Yorkshire, ENG"]
[Date "2024.01.20"]
[Round "2.5"]
[White "Smith, Adam"]
[Black "Roberts, Malcolm A"]
[Result "0-1"]
[WhiteElo "1594"]
[BlackElo "1671"]
[PlyCount "48"]
[EventDate "2024.01.19"]

1. e4 e5 2. Nf3 d6 3. Bc4 Be7 4. d3 Nf6 5. a3 Nc6 6. Nbd2 O-O 7. b4 a6 8. Ba2
Bg4 9. h3 Bh5 10. Bb2 h6 11. c3 Nd7 12. Qc2 Kh8 13. d4 Bg6 14. dxe5 Ncxe5 15.
Nxe5 Nxe5 16. Rd1 Qe8 17. f4 Bh4+ 18. Kf1 f5 19. Nf3 Nxf3 20. gxf3 fxe4 21. Qc1
exf3 22. Rh2 Bg3 23. c4 Bxh2 24. Qc3 Qe2# 0-1

[Event "31st 4NCL Congress"]
[Site "Harrogate, North Yorkshire, ENG"]
[Date "2024.01.20"]
[Round "2.6"]
[White "De Block, Gert"]
[Black "Wainwright, Charlie"]
[Result "1-0"]
[WhiteElo "1590"]
[BlackElo "1667"]
[PlyCount "47"]
[EventDate "2024.01.19"]

1. e4 e6 2. d4 d5 3. exd5 exd5 4. Bd3 Bd6 5. Nf3 Nf6 6. O-O O-O 7. c4 c6 8. Nc3
Be6 9. c5 Bc7 10. Re1 b6 11. b4 a5 12. bxa5 bxc5 13. dxc5 Bxa5 14. Bd2 Nbd7 15.
Nd4 Qc8 16. Nxe6 fxe6 17. Rc1 Bxc3 18. Bxc3 Rxa2 19. Bb1 Ra8 20. Rxe6 Nxc5 21.
Re7 Ncd7 22. Bf5 Rd8 23. Bxf6 gxf6 24. Qg4+ 1-0

[Event "31st 4NCL Congress"]
[Site "Harrogate, North Yorkshire, ENG"]
[Date "2024.01.20"]
[Round "2.7"]
[White "Webster, Vivien"]
[Black "Blower, Trevor R"]
[Result "1-0"]
[WhiteElo "1663"]
[BlackElo "1589"]
[PlyCount "61"]
[EventDate "2024.01.19"]

1. e4 g6 2. f4 Bg7 3. Nf3 d6 4. h3 c6 5. d4 Qc7 6. Bd3 Nf6 7. O-O O-O 8. c3
Nbd7 9. e5 Nh5 10. Ng5 Nb6 11. Nxh7 Ng3 12. Nxf8 Nxf1 13. Nxg6 fxg6 14. Qxf1
Bf5 15. Nd2 Rf8 16. Nf3 e6 17. Nh4 Kh7 18. Nxf5 exf5 19. Bd2 dxe5 20. fxe5 Nd7
21. Qf4 Qb6 22. Qh4+ Kg8 23. Bc4+ Rf7 24. Bxf7+ Kxf7 25. e6+ Kxe6 26. Re1+ Kd5
27. Qe7 Bxd4+ 28. cxd4 Qxd4+ 29. Be3 Qxb2 30. Qxd7+ Kc4 31. Rc1+ 1-0

[Event "31st 4NCL Congress"]
[Site "Harrogate, North Yorkshire, ENG"]
[Date "2024.01.20"]
[Round "2.8"]
[White "Cox, Kevin"]
[Black "Zigmond, Andrew"]
[Result "1-0"]
[WhiteElo "1589"]
[BlackElo "1661"]
[PlyCount "115"]
[EventDate "2024.01.19"]

1. Nf3 Nf6 2. d4 g6 3. g3 Bg7 4. Bg2 O-O 5. O-O c5 6. e3 cxd4 7. exd4 d6 8. c3
Bg4 9. Qb3 Qc7 10. Nbd2 Nc6 11. Re1 Qd7 12. a4 Na5 13. Qb4 b6 14. Qb5 Qxb5 15.
axb5 e6 16. b4 Nb7 17. Ng5 d5 18. Ndf3 Nd6 19. Bf1 Rfc8 20. Bb2 Bxf3 21. Nxf3
Nfe4 22. Ra3 Rc7 23. Rea1 Nc4 24. Bxc4 dxc4 25. Ra6 Rb7 26. Kf1 Nd6 27. Nd2 Bh6
28. f4 g5 29. fxg5 Bxg5 30. Nf3 Bd8 31. Ne5 Nxb5 32. Nxc4 Rc8 33. Ne5 Nxc3 34.
Rxa7 Rxa7 35. Rxa7 Nd5 36. Nxf7 Nxb4 37. Nh6+ Kf8 38. Rxh7 Rc7 39. Rxc7 Bxc7
40. Ba3 Bd6 41. Ng4 Ke7 42. Ne5 Nc2 43. Bxd6+ Kxd6 44. Nf3 b5 45. Ke2 b4 46.
Kd3 b3 47. Kc3 Kd5 48. Kb2 Nxd4 49. Nxd4 Kxd4 50. Kxb3 Ke3 51. h4 e5 52. h5 e4
53. h6 Kf2 54. h7 e3 55. h8=Q e2 56. Qe5 e1=Q 57. Qxe1+ Kxe1 58. g4 1-0

[Event "31st 4NCL Congress"]
[Site "Harrogate, North Yorkshire, ENG"]
[Date "2024.01.20"]
[Round "2.9"]
[White "Fletcher, Ben J"]
[Black "Gibson, Stephen"]
[Result "1/2-1/2"]
[WhiteElo "1347"]
[BlackElo "1532"]
[PlyCount "58"]
[EventDate "2024.01.19"]

1. e4 a6 2. d4 e6 3. Bd3 b5 4. Nf3 Bb7 5. O-O c5 6. c3 cxd4 7. cxd4 d6 8. Nbd2
Ne7 9. a4 Qb6 10. axb5 axb5 11. Rxa8 Bxa8 12. Nb3 Na6 13. Bd2 Bc6 14. Qe2 Bd7
15. Ra1 Nc8 16. Ra5 Nc7 17. Ra1 Na7 18. Ba5 Qb7 19. Qc2 Na8 20. Bb4 Be7 21. Na5
Qb8 22. Nb3 g6 23. e5 O-O 24. exd6 Rc8 25. Qd1 Bf8 26. Ne5 Rd8 27. Nc5 Bc6 28.
d7 Nb6 29. Nxc6 Nxc6 1/2-1/2

[Event "31st 4NCL Congress"]
[Site "Harrogate, North Yorkshire, ENG"]
[Date "2024.01.20"]
[Round "2.10"]
[White "Jackson, Paul Robert"]
[Black "Smith, Jacob"]
[Result "1/2-1/2"]
[WhiteElo "1567"]
[BlackElo "1645"]
[PlyCount "57"]
[EventDate "2024.01.19"]

1. d4 Nf6 2. Nf3 d6 3. c4 g6 4. Nc3 Bg7 5. e4 O-O 6. Be2 Nbd7 7. O-O c5 8. d5
b6 9. Qc2 Ng4 10. h3 Nge5 11. Nxe5 Nxe5 12. f4 Nd7 13. b3 f5 14. Bb2 Nf6 15. e5
Ne8 16. e6 Nf6 17. g4 fxg4 18. hxg4 Ne8 19. Ne4 Bxb2 20. Qxb2 Nf6 21. Ng5 h6
22. Nf7 Rxf7 23. exf7+ Kxf7 24. g5 Ng4 25. gxh6 Nxh6 26. Bd3 Bf5 27. Bxf5 Nxf5
28. Rae1 Qh8 29. Qxh8 1/2-1/2

[Event "31st 4NCL Congress"]
[Site "Harrogate, North Yorkshire, ENG"]
[Date "2024.01.20"]
[Round "2.11"]
[White "Oliver, Peter J R"]
[Black "Singhal, Saket"]
[Result "1/2-1/2"]
[WhiteElo "1542"]
[BlackElo "1627"]
[PlyCount "65"]
[EventDate "2024.01.19"]

1. Nf3 d5 2. d4 Bg4 3. e3 c6 4. Be2 Nd7 5. Nbd2 Qc7 6. O-O e6 7. c4 Ngf6 8. h3
h5 9. b3 Ne4 10. Bb2 Bxh3 11. gxh3 g5 12. Nxe4 dxe4 13. Nxg5 Rg8 14. h4 f6 15.
Bxh5+ Ke7 16. Qg4 fxg5 17. hxg5 Bh6 18. g6 Nf6 19. Qh4 b6 20. d5 e5 21. Rad1
Rad8 22. d6+ Rxd6 23. Bxe5 Rgd8 24. Qxf6+ Rxf6 25. Bxc7 Rdf8 26. Bg3 Rf5 27.
Be2 Rg5 28. Rd4 Rxg3+ 29. fxg3 Bxe3+ 30. Kg2 Bxd4 31. Rf4 Rxf4 32. gxf4 Kf6 33.
Kg3 1/2-1/2

[Event "31st 4NCL Congress"]
[Site "Harrogate, North Yorkshire, ENG"]
[Date "2024.01.20"]
[Round "2.12"]
[White "Cuaresma, Bien"]
[Black "Bourke, Konstantinos"]
[Result "1/2-1/2"]
[WhiteElo "1679"]
[BlackElo "1572"]
[PlyCount "70"]
[EventDate "2024.01.19"]

1. d4 f5 2. Nf3 Nf6 3. e3 g6 4. a3 Bg7 5. Bc4 d5 6. Bb3 O-O 7. Nbd2 e6 8. Nf1
Ne4 9. c4 c6 10. Bd2 a5 11. Ng3 Qf6 12. h4 Nxg3 13. fxg3 Nd7 14. Bc3 Re8 15.
O-O Qe7 16. Re1 Qd6 17. Kf2 Nf6 18. Ne5 Ne4+ 19. Kf3 Nxc3 20. bxc3 Bxe5 21.
dxe5 Qxe5 22. Qd4 Qe4+ 23. Qxe4 fxe4+ 24. Ke2 Rf8 25. Rf1 Bd7 26. a4 b5 27.
axb5 cxb5 28. cxd5 b4 29. Rxf8+ Kxf8 30. cxb4 Bb5+ 31. Kd2 a4 32. Bc2 exd5 33.
Rc1 a3 34. Ra1 Ke7 35. Kc3 Kd6 1/2-1/2

[Event "31st 4NCL Congress"]
[Site "Harrogate, North Yorkshire, ENG"]
[Date "2024.01.20"]
[Round "2.13"]
[White "Pitel, Dominik"]
[Black "Redmond, Nigel"]
[Result "1/2-1/2"]
[WhiteElo "1518"]
[BlackElo "1679"]
[PlyCount "115"]
[EventDate "2024.01.19"]

1. d4 d5 2. c4 e5 3. dxe5 d4 4. Nf3 Nc6 5. Nbd2 Bg4 6. h3 Bxf3 7. Nxf3 a5 8. a3
Bc5 9. Bf4 Nge7 10. Qc2 Ng6 11. Bg3 Qe7 12. Rd1 O-O 13. h4 Ngxe5 14. Bxe5 Nxe5
15. Ng5 g6 16. Qe4 Rab8 17. f4 Nc6 18. Qc2 Qe3 19. Rd3 Qxf4 20. Rf3 Qe5 21. Ne4
Be7 22. h5 Rbd8 23. hxg6 fxg6 24. Rfh3 Rf7 25. Nf2 Qf5 26. Qxf5 gxf5 27. g4
fxg4 28. Nxg4 Bg5 29. Rh5 Rg7 30. Nf2 Re8 31. Nd3 Ne5 32. Kd1 Nxc4 33. a4 h6
34. b3 Ne3+ 35. Ke1 b6 36. R1h3 Rf7 37. Rh1 Nf5 38. Rg1 Ne3 39. Rgh1 Nxf1 40.
Rxf1 Bd2+ 41. Kxd2 Rxf1 42. Rxh6 Kg7 43. Rc6 Re7 44. Rc4 c5 45. Nxc5 bxc5 46.
Rxc5 Rf2 47. Kd3 Rfxe2 48. Rxa5 R2e3+ 49. Kxd4 Rxb3 50. Kc4 Reb7 51. Rb5 Rb1
52. Rxb7+ Rxb7 53. a5 Rb1 54. a6 Kf7 55. Kc5 Ke7 56. a7 Ra1 57. Kb6 Rxa7 58.
Kxa7 1/2-1/2

[Event "31st 4NCL Congress"]
[Site "Harrogate, North Yorkshire, ENG"]
[Date "2024.01.20"]
[Round "2.14"]
[White "Pointon, Mike"]
[Black "Dearden, Phil"]
[Result "1-0"]
[WhiteElo "1668"]
[BlackElo "1562"]
[PlyCount "49"]
[EventDate "2024.01.19"]

1. e4 c5 2. Nf3 d6 3. d4 cxd4 4. Nxd4 Nf6 5. Nc3 g6 6. Be2 Bg7 7. Be3 O-O 8. f3
Nc6 9. Qd2 Bd7 10. O-O-O Rc8 11. g4 Ne5 12. h4 Nexg4 13. fxg4 Bxg4 14. Bxg4
Nxg4 15. h5 Qa5 16. hxg6 Rxc3 17. gxh7+ Kh8 18. bxc3 Qxa2 19. Qe2 Nxe3 20. Qxe3
Rc8 21. Rdg1 Qa3+ 22. Kd2 Qxc3+ 23. Qxc3 Rxc3 24. Kxc3 a6 25. Rxg7 1-0

[Event "31st 4NCL Congress"]
[Site "Harrogate, North Yorkshire, ENG"]
[Date "2024.01.20"]
[Round "2.15"]
[White "Baxter, Martin"]
[Black "Dee, Neil"]
[Result "1-0"]
[WhiteElo "1660"]
[BlackElo "1500"]
[PlyCount "65"]
[EventDate "2024.01.19"]

1. e4 c6 2. Nf3 d5 3. Nc3 dxe4 4. Nxe4 Nf6 5. Nxf6+ exf6 6. d4 Bd6 7. Bd3 O-O
8. Be3 Re8 9. O-O Bg4 10. c3 Nd7 11. h3 Bh5 12. g4 Bg6 13. Bxg6 hxg6 14. Qb3
Rb8 15. Rad1 Qc7 16. Kg2 Bf4 17. Rde1 Bxe3 18. fxe3 Re6 19. Nh4 Rbe8 20. c4 Kf8
21. d5 cxd5 22. cxd5 Re5 23. Nf3 Re4 24. Rc1 Qb6 25. Qa3+ Qb4 26. Qxb4+ Rxb4
27. b3 Rxe3 28. d6 Re2+ 29. Kg3 Nb6 30. Rc7 Ke8 31. Rd1 Re6 32. d7+ Kd8 33.
Rxb7 1-0

[Event "31st 4NCL Congress"]
[Site "Harrogate, North Yorkshire, ENG"]
[Date "2024.01.20"]
[Round "2.16"]
[White "Tunnacliffe, Alan"]
[Black "Gillett, John"]
[Result "1/2-1/2"]
[WhiteElo "1515"]
[BlackElo "1654"]
[PlyCount "57"]
[EventDate "2024.01.19"]

1. e4 e6 2. d3 d5 3. Qe2 Be7 4. Nf3 Nf6 5. g3 b6 6. Bg2 O-O 7. O-O Ba6 8. e5
Nfd7 9. c4 dxc4 10. dxc4 Bb7 11. Rd1 Qe8 12. h4 a5 13. Bf4 Na6 14. Ng5 Bxg2 15.
Kxg2 h6 16. Ne4 Ndc5 17. Nbc3 Qc6 18. Kh2 Nxe4 19. Nxe4 Nc5 20. Nf6+ Kh8 21.
Qh5 Ne4 22. Bxh6 Nxf6 23. exf6 Bxf6 24. Bg5+ Kg8 25. Bxf6 gxf6 26. Rd4 f5 27.
Qg5+ Kh7 28. Qh5+ Kg8 29. Qg5+ 1/2-1/2

[Event "31st 4NCL Congress"]
[Site "Harrogate, North Yorkshire, ENG"]
[Date "2024.01.20"]
[Round "2.17"]
[White "Waite, Nicholas"]
[Black "Matthews, Graham W"]
[Result "1-0"]
[WhiteElo "1361"]
[BlackElo "1648"]
[PlyCount "55"]
[EventDate "2024.01.19"]

1. Nf3 d5 2. d3 Nf6 3. g3 c6 4. Bg2 Bg4 5. O-O Nbd7 6. Nbd2 Qc7 7. c3 e6 8. Re1
Bd6 9. e4 dxe4 10. dxe4 Rd8 11. Qc2 Ne5 12. Nd4 O-O 13. f4 Ng6 14. e5 Nxe5 15.
fxe5 Bxe5 16. N2f3 Bd6 17. Bg5 Nd7 18. Bxd8 Rxd8 19. Rad1 e5 20. Ng5 g6 21. Qf2
Rf8 22. Ngf3 Bc5 23. Re3 f5 24. Ne6 Bxe3 25. Qxe3 Qc8 26. Nxf8 Nxf8 27. Qxe5
Nd7 28. Qe6+ 1-0

[Event "31st 4NCL Congress"]
[Site "Harrogate, North Yorkshire, ENG"]
[Date "2024.01.20"]
[Round "2.18"]
[White "Clare, Steve"]
[Black "Coleman, Patrick N"]
[Result "1/2-1/2"]
[WhiteElo "1647"]
[BlackElo "1459"]
[PlyCount "38"]
[EventDate "2024.01.19"]

1. e4 c5 2. d4 cxd4 3. c3 dxc3 4. Nxc3 e6 5. Nf3 Nc6 6. Bc4 Bb4 7. O-O Bxc3 8.
bxc3 Nge7 9. Nd4 O-O 10. f4 d5 11. Bd3 dxe4 12. Bxe4 Nxd4 13. cxd4 f5 14. Bc2
Nd5 15. Rf3 b6 16. Bb3 Bb7 17. Kh1 Rc8 18. Qe2 Qf6 19. Bb2 Kh8 1/2-1/2

[Event "31st 4NCL Congress"]
[Site "Harrogate, North Yorkshire, ENG"]
[Date "2024.01.20"]
[Round "2.19"]
[White "Scorer, David M"]
[Black "Egan, William J"]
[Result "0-1"]
[WhiteElo "1431"]
[BlackElo "1635"]
[PlyCount "74"]
[EventDate "2024.01.19"]

1. Nf3 d5 2. d4 Nf6 3. Bf4 e6 4. c3 Bd6 5. Bg3 c6 6. e3 Qc7 7. Bd3 Nbd7 8. Nbd2
e5 9. dxe5 Nxe5 10. Nxe5 Bxe5 11. Bxe5 Qxe5 12. Nf3 Qc7 13. Qc2 g6 14. O-O O-O
15. h3 Re8 16. Rad1 Bd7 17. Rfe1 Re7 18. e4 dxe4 19. Bxe4 Nxe4 20. Rxe4 Rxe4
21. Qxe4 Re8 22. Qd4 Bc8 23. Qd2 c5 24. c4 Qc6 25. b3 Bxh3 26. Re1 Rxe1+ 27.
Qxe1 Be6 28. Ng5 h6 29. Nxe6 Qxe6 30. Qxe6 fxe6 31. f3 Kf7 32. Kf2 Kf6 33. Ke3
h5 34. g3 Kf5 35. Kf2 g5 36. a3 a5 37. Kg2 Ke5 0-1

[Event "31st 4NCL Congress"]
[Site "Harrogate, North Yorkshire, ENG"]
[Date "2024.01.20"]
[Round "2.20"]
[White "Buckell, David J"]
[Black "Craig, Ian"]
[Result "1/2-1/2"]
[WhiteElo "1634"]
[BlackElo "1424"]
[PlyCount "68"]
[EventDate "2024.01.19"]

1. c4 e5 2. Nc3 Nf6 3. Nf3 e4 4. Ng5 Qe7 5. Qc2 e3 6. dxe3 h6 7. Nf3 Nc6 8. g3
Qd8 9. Bg2 Bb4 10. O-O O-O 11. Bd2 Re8 12. a3 Bxc3 13. Bxc3 d6 14. Nd4 Bd7 15.
Nxc6 Bxc6 16. Bxc6 bxc6 17. b4 Qe7 18. Qf5 Ne4 19. Rac1 Qe6 20. Qxe6 Rxe6 21.
Bb2 Ng5 22. Kg2 Rb8 23. Ba1 Re7 24. Rfd1 f6 25. Rd3 Kf7 26. f3 Ne6 27. e4 Rd8
28. h4 h5 29. Bc3 a6 30. Be1 g5 31. hxg5 fxg5 32. Bc3 Kg6 33. Rh1 Rh7 34. Bd2
Rf7 1/2-1/2